| 000 | 00583nam a2200193Ia 4500 | ||
|---|---|---|---|
| 003 | GCL | ||
| 008 | 140319s9999 xx 000 0 ara d | ||
| 040 |
_aGCL / _cGCL |
||
| 082 | 0 | 4 |
_a814.008 _bم س |
| 100 | 1 | _aميشال جحا | |
| 245 | 1 | 0 |
_aسليم البستانى / _cميشال جحا |
| 260 |
_a[S.N] : _bرياض الريس للكتب والنشر |
||
| 300 | _a422 ص | ||
| 490 |
_aسلسلة الاعمال المجهولة _v0 |
||
| 650 | 0 | 4 | _aالادب العربى |
| 650 | 0 | 4 | _aالمقالات العربية |
| 650 | 0 | 4 | _aالمجموعات |
| 942 |
_2ddc _cBK |
||
| 999 |
_c27770 _d27770 |
||